| 000 | 00735cam a22002533a 4500 | ||
|---|---|---|---|
| 001 | 673 | ||
| 003 | PGUSA | ||
| 005 | 20140828082951.0 | ||
| 008 | 961001s1996||||xxu|||||s|||||000 | eng d | ||
| 040 |
_aPGUSA _beng |
||
| 042 | _adc | ||
| 050 | 4 | _aPE | |
| 050 | 4 | _aAG | |
| 100 | 1 | _aProject Gutenberg | |
| 245 | 1 | 4 |
_aThe Gutenberg Webster's Unabridged Dictionary _h[electronic resource] / _cProject Gutenberg |
| 260 |
_bProject Gutenberg, _c1996 |
||
| 500 | _aHTML | ||
| 506 | _aCopyrighted. Read the copyright notice inside this book for details. | ||
| 516 | _aElectronic text | ||
| 653 | _aEnglish language -- Dictionaries | ||
| 830 | 0 |
_aProject Gutenberg _v673 |
|
| 856 | 4 | 0 | _uhttp://www.gutenberg.org/ebooks/673 |
| 942 | _cEB | ||
| 999 |
_c230024 _d230024 |
||